00352nam a2200133Ia 4500100001600000942000700016654001700023245001700040260003100057082001100088546001200099999001700111952009000128 aVaze/ H.V.  cBK aKasli Welder aKasli Welder bTech. Science.aPunec1969 a671.52 aENGLISH c25525d25525 001040708CRCaCRCEbCRCEd2023-03-17l0o671.52 p4991r2023-03-17w2023-03-17yBK